000 00324nam a2200097Ia 4500
008 180130s9999 xx 000 0 und d
245 _cNash, Christine
_aHow coaches learn and develop
260 _c2015
300 _aBook title: Practical sports coaching--Acession number C20229; pages 177-189
650 _aCOACHING (ATHLETICS)
999 _c354571
_d354571